000 00589nam a2200229Ia 4500
003 OSt
005 20230427112623.0
008 210423s2008 xx 000 0 und d
020 _a9788130900407
040 _cAL
041 _aeng
082 _a539.7 KAKS
_223
100 _aKAKANI (S L);KAKANI (Shubhra).
_993881
245 _aNuclear and particle physics.
250 _a4
260 _aNew Delhi
_bViva Books Pvt Ltd
_c2008
300 _aviii,965p
_bPB
365 _b495
_cINR
650 _aNuclear Physics
_993882
906 _aNuclear ; particle ; physics.
942 _2ddc
_cBK
999 _c161790
_d161790